Waterlogged States Quiz Stats

 Plays Quiz Updated Nov 4, 2017

Challenge
Share
Tweet
Score 0/14 Timer 02:00
18 Plays Today
% Correct
Florida
86.2%
Michigan
82.5%
Louisiana
65.9%
New York
62.1%
Wisconsin
62%
Maine
61.6%
Massachusetts
60.2%
% Correct
Rhode Island
56.7%
Hawaii
55.2%
Maryland
54.4%
New Jersey
51.7%
Connecticut
51.3%
Alaska
49.7%
Delaware
46.7%

You're not logged in!

Compare scores with friends on all Sporcle quizzes.
Join for Free
OR
Log In

You Might Also Like...

Show Comments

Extras

Top Quizzes Today


Score Distribution

Your Account Isn't Verified!

In order to create a playlist on Sporcle, you need to verify the email address you used during registration. Go to your Sporcle Settings to finish the process.

Report this User

Report this user for behavior that violates our Community Guidelines.

Details: